000 00827nam a2200253Ia 4500
001 20083
003 DO-CoUTE
005 20260204212636.0
008 220104s9999 dr 000 0 spa d
020 _a978-9945-443-58-5
040 _aDO-CoUTE
_bspa
_cDO-CoUTE
041 0 _aspa
082 _aRD 069.074 C117m
100 1 _aCabral de Poladura, Atala
245 1 0 _aMuseo de las casas reales: Apuntes de un recorrido,1976-1988 / Atala Cabral de Poladura
260 _aSanto Domingo, República Dominicana : Banco Central
300 _a181 páginas
500 _aColección del Banco Central de la República Dominicana
650 4 _aMuseos de las casas reales
710 _aBanco Central de la República Dominicana
942 _2ddc
_cBK
999 _c21598
_d21598